00479nam a22001577a 4500003000500000005001700005008004100022020001800063040000600081082002300087100005200110245007800162260002600240300000900266650004600275CEME20210628203938.0210316b xxu||||| |||| 00| 0 eng d a0-8412-2662-8 c. a620.19204228 IRR'R aFrank, C. W, Donnell, J. H. Q, Reichmanis, Elsa aIrrodiation of polymaric materials, processes mechanisms and applications aWASHINGTONbASCc1993 a338P aPOLYMAERS, EFFECT OF RADIATION CONGRESSES